| 000 | 00623nam a22001817a 4500 | ||
|---|---|---|---|
| 005 | 20251108173705.0 | ||
| 008 | 250721s2007 xx 000 0 ara d | ||
| 082 | 1 | 4 | _a212.8/نوف |
| 100 | 1 | _aنوفل، أحمد إسماعيل | |
| 245 | 1 | 0 | _aمناهج البحث و التأليف في القصص القرآني : دراسة تحليلية نقدية / |
| 264 | 1 |
_aعمان : _bدار القطوف للنشر و التوزيع، _c2007. |
|
| 300 | _aج.1. | ||
| 650 | 1 | 7 | _aقصص القرآن |
| 650 | 1 | 7 | _aتفسير القرآن |
| 650 | 1 | 7 | _aالإعجاز القرآن |
| 942 |
_2ddc _cBK |
||
| 999 |
_c110032 _d110032 |
||